000 00385nam a2200133Ia 4500
008 220216s9999 xx 000 0 und d
100 _aGouyon A
245 0 _aSmallholder production faced with the world rubber market
260 _bPlantations, Recherche, Developpement
_c1996
300 _a343-345
650 _aSmallholder production
650 _aWorld rubber market
942 _cJS
999 _c68766
_d68766